00644nam a22001815a 450000100060000000300040000600500170001000800410002702000240006804000090009208200220010110000170012324501310014026000410027130000090031250400510032174000900037251496OSt20200612152716.0930917s1993 ii b 001 0 eng  a085107769cRs350.00 coclc a305.420954bKUM/H aKumar, Radha14aThe history of doing :ban illustrated account of movements for women's rights and feminism in India, 1800-1990 /cRadha Kumar aNew Delhi :bKali for Women,cc1993. a203p aIncludes bibliographical references and index.0 aIllustrated account of movements for women's rights and feminism in India, 1800-1990.